000 01465nam a2200337 a 4500
999 _c116329
_d116329
003 BLK
005 20241110004101.0
008 180409b bul|||||r ||||||| ||bul||
010 _aKNG00121869000
040 _aBLK
041 _aBUL
_cBUL
080 _aБългарска литература
_b821.163.2
_x-93-34
_z821.163.2-93-34
100 _aРан Босилек
_qНегенцов, Генчо Станчев
_d1886 - 1958
_gПисател, поет. Прев. от гръцки, немски и руски език.
_9363447
139 _aРан Босилек
_bР 34
245 1 0 _aНезнаен юнак
_bПриказка
_cРан Босилек; худож. Александър Поплилов; * Генчо Станчев Негенцов.
257 _aBGR
260 _bНар. култура
_c1963
_aСофия
300 _a16 с.
_bс ил.
_c31 см
380 _aDX
500 _aИстинското име на авт. е Генчо Станчев Негенцов.
700 _aПоплилов, Александър
_eхудож.
_9276723
700 _aНегенцов, Генчо Станчев
_9247828
852 _aЦ ІІ 8981
856 4 _qpdf
856 4 _qpdf
942 _cKNG
_n0
_s1
944 _aCR
_c12.03.2011
_lCRON CRON
_k
944 _aED
_c24.09.2015
_lдобави в АБ / 11.03.2011
944 _aED
_c2021-01-21
_l2021-01-21
_kВК
999 _d116329